00352pab a2200121 454500008004000000100002700040245006300067260000900130300001000139362000900149650002400158773004800182180718b1988 xxu||||| |||| 00| 0 eng d aHoek, M. Peter Van Der aAn income policy for the professionsbThe Dutch experience c1988 a71-80 aJan. aIncome - Netherland aAmerican Journal of Economics and Sociology